| 000 | 01230nam a22002895a 4500 | ||
|---|---|---|---|
| 003 | OSt | ||
| 005 | 20170522144506.0 | ||
| 008 | 170517s2004 su grb 000000 ara d | ||
| 015 | _a1425 / 1101 | ||
| 020 | _a9960405664 | ||
| 040 |
_aEG-ScBUE _bara _cEG-ScBUE _dEG-ScBUE |
||
| 041 | 1 |
_aara _heng |
|
| 082 | 0 | 4 |
_a658.022 _bت ر ا _222 |
| 100 | 1 | _aترافيرسو، دبرا كونتز. | |
| 240 | 1 | 4 |
_aThe small business owner's guide to a good night's sleep. _lArabic. |
| 245 | 1 | 0 |
_aدليل مالكي الأعمال التجارية الصغيرة لنوم ليل هانئ : _bتجنب وحل المشكلات المزمنة والمكلفة / _cدبرا كونتز ترافيرسو ؛ تعريب أسعد كامل إلياس. |
| 250 | _aط. 1. | ||
| 260 |
_aالرياض : _bالعبيكان للنشر، _c2004. |
||
| 300 |
_a311 ص. ؛ _c24 سم. |
||
| 504 | _aيشتمل على إرجاعات ببليوجرافية. | ||
| 546 | _aالنص باللغة العربية ؛ مترجم من اللغة الإنجليزية. | ||
| 650 | 7 |
_2BUEsh _aالمشروعات الصغيرة _xإدارة. |
|
| 651 | _2BUEsh | ||
| 653 |
_bGGEN _cMay2017 |
||
| 700 | 1 |
_aإلياس، أسعد كامل، _eمعرب. |
|
| 942 | _2ddc | ||
| 999 |
_c24859 _d24831 |
||